000 00548nam a2200217Ia 4500
003 OSt
005 20220918192945.0
006 a|||||r|||| 00| 0
007 ta
008 220917b |||||||| |||| 00| 0 eng d
024 _a71,316
037 _cTextual
040 _aARTS
_cARTS
_beng
041 _2eng
_aeng
082 _aR3xM811:3, K6
100 _aDe Chardin P T
_980759
245 0 _aVision of the past tr by J M Cohen
260 _c1966
942 _hR3xM811:3, K6
_cTEXL
_2CC
999 _c197389
_d197389